| LEADER | 00567cam a2200157 7i4500 | ||
|---|---|---|---|
| 001 | 0000032179 | ||
| 005 | 20150305090000.0 | ||
| 022 | 0 | 0 | |a 23686073 |
| 090 | 0 | 0 | |a T 382.7 |b DEP (CAND) |
| 245 | 0 | 0 | |a Departmental consolidation of the customs tariff 2015 Canada : |b volume 2 : chapter 57 to chapter 99. |
| 260 | 0 | 0 | |a [S.I]: |b Canada Border Services Agency, |c 2015. |
| 300 | # | # | |a [v.p]. |
| 500 | 0 | 0 | |a Library has volume 1: chapter 1 to chapter 56 |
| 500 | 0 | 0 | |a Volume 2 : chapter 57 to chapter 99 |
| 650 | 0 | 0 | |a Tariff -- |z Canada |
| 999 | |a 0000035896 |b Book |c Tariffs |e Business Information Centre | ||